[Event "NOR-ch North Mester"]
[Site "Alta"]
[Date "2022.06.05"]
[Round "4"]
[White "Remman, Frank"]
[Black "Mikalsen, Bengt Arne"]
[Result "1-0"]
[WhiteElo "1847"]
[BlackElo "1765"]
[PlyCount "93"]
[EventDate "2022.06.03"]
[EventType "swiss"]
[EventRounds "6"]
[EventCountry "NOR"]
[SourceTitle "CBM 208 Extra"]
[Source "ChessBase"]
[SourceDate "2022.07.31"]
[SourceVersion "1"]
[SourceVersionDate "2022.07.31"]
[SourceQuality "1"]

1. d4 d5 2. c4 e6 3. g3 dxc4 4. Bg2 c5 5. Nf3 Nc6 6. Qa4 Bd7 7. Qxc4 cxd4 8. Nxd4 Rc8 9. 0-0 Nf6 10. Nc3 Nxd4 11. Qxd4 Bc5 12. Qh4 Bc6 13. e4 Qb6 14. b3 Bd4 15. Bb2 0-0 16. Rac1 Bb5 17. Na4 Bxa4 18. Bxd4 Qxd4 19. Rcd1 Qb4 20. bxa4 Qxa4 21. Rd2 Rc4 22. Re1 b6 23. Qf4 h6 24. h4 Nd5 25. Qe5 Nc3 26. Re3 Nxa2 27. Bf1 Rb4 28. Qa1 Rc8 29. Rxa2 Qc6 30. Rxa7 Rd4 31. Bg2 Rcd8 32. Re1 e5 33. Rc1 Qf6 34. Ra8 g5 35. Rxd8+ Rxd8 36. hxg5 hxg5 37. Qc3 Kg7 38. Bh3 Rd4 39. Bf5 Rd6 40. Rb1 Rc6 41. Qb3 Rd6 42. Qb5 Qe7 43. Kg2 Rh6 44. Rd1 Qf6 45. Rd5 Rh8 46. Rxe5 Qh6 47. Qb1 1-0

[Event "NOR-ch North Mester"]
[Site "Alta"]
[Date "2022.06.03"]
[Round "5"]
[White "Mikalsen, Bengt Arne"]
[Black "Brasoy, Aksel"]
[Result "1/2-1/2"]
[WhiteElo "1765"]
[BlackElo "1878"]
[PlyCount "138"]
[EventDate "2022.06.03"]
[EventType "swiss"]
[EventRounds "6"]
[EventCountry "NOR"]
[SourceTitle "EXT 2024"]
[Source "ChessBase"]
[SourceDate "2023.10.10"]
[SourceVersion "1"]
[SourceVersionDate "2023.10.10"]
[SourceQuality "1"]

1. d4 Nf6 2. Bf4 g6 3. e3 Bg7 4. Nf3 0-0 5. Bd3 d6 6. Nbd2 Nc6 7. e4 Nd7 8. c3 e5 9. Be3 exd4 10. Nxd4 Nc5 11. Bc2 Ne5 12. 0-0 Qe7 13. f3 Ne6 14. N2b3 Bd7 15. a4 a6 16. a5 Nc4 17. Bc1 Ne5 18. f4 Nc6 19. Nxc6 Bxc6 20. f5 Ng5 21. Bxg5 Qxg5 22. Qf3 gxf5 23. Qxf5 Qxf5 24. Rxf5 Rae8 25. Rf4 Bd7 26. Nd4 Be5 27. Rf2 Kh8 28. Bd3 f6 29. Raf1 Rg8 30. Nf5 Rg5 31. Re1 Bxf5 32. Rxf5 Rxf5 33. exf5 Bxh2+ 34. Kf1 Be5 35. Bc4 Re7 36. Be6 Kg7 37. Re4 c6 38. Rb4 Rc7 39. Kf2 Kh6 40. Kf3 Kh5 41. g3 d5 42. Rh4+ Kg5 43. Rg4+ Kh6 44. Bg8 Rc8 45. Be6 Rd8 46. Rh4+ Kg7 47. Rg4+ Kh8 48. Rb4 Rb8 49. Rg4 Bc7 50. Ra4 h6 51. Rh4 Kh7 52. Ra4 Bd6 53. Kg4 Re8 54. Kh4 Re7 55. Rg4 Bc7 56. Kh5 Rg7 57. Rxg7+ Kxg7 58. Bc8 Bxa5 59. Bxb7 Bb6 60. Bxc6 d4 61. cxd4 Bxd4 62. b3 a5 63. Bd5 Be5 64. g4 Bf4 65. Be6 Bg5 66. Bc4 Kf8 67. Be6 Ke7 68. Bc4 Kd6 69. Be6 Kc5 1/2-1/2

[Event "Oslo op"]
[Site "Fornebu"]
[Date "2017.10.06"]
[Round "9"]
[White "Mikalsen, Bengt Arne"]
[Black "Holand, Per Fredrik"]
[Result "1/2-1/2"]
[WhiteElo "1727"]
[BlackElo "1866"]
[PlyCount "87"]
[EventDate "2017.09.29"]
[EventType "swiss"]
[EventRounds "10"]
[EventCountry "NOR"]
[SourceTitle "CBM 181 Extra"]
[Source "ChessBase"]
[SourceDate "2017.12.12"]
[SourceVersion "1"]
[SourceVersionDate "2017.12.12"]
[SourceQuality "1"]

1. d4 Nf6 2. Nf3 g6 3. b3 Bg7 4. Bb2 0-0 5. c4 d6 6. e3 Nbd7 7. Bd3 c5 8. 0-0 a6 9. Nc3 Qc7 10. Qc2 b6 11. d5 e5 12. dxe6 fxe6 13. Ne4 Bb7 14. Rad1 d5 15. Nxf6+ Nxf6 16. Be5 Qe7 17. h3 Nd7 18. Bxg7 Qxg7 19. cxd5 exd5 20. Nh2 Ne5 21. Be2 Rac8 22. f4 Nf7 23. Bf3 Rfd8 24. Rf2 Nh6 25. g4 Qe7 26. Nf1 b5 27. Rfd2 d4 28. Bxb7 Qxb7 29. exd4 cxd4 30. Qb2 Qf3 31. Rxd4 Rxd4 32. Qxd4 Qxh3 33. Qd5+ Nf7 34. Qg2 Qxg2+ 35. Kxg2 Rc2+ 36. Rd2 Rxd2+ 37. Nxd2 Nd6 38. Kf3 Kf7 39. Ne4 Nxe4 40. Kxe4 Kf6 41. g5+ Ke6 42. b4 Kd6 43. Kd4 Ke6 44. Ke4 1/2-1/2

[Event "Alta CC-ch"]
[Site "Alta"]
[Date "2005.02.22"]
[Round "5"]
[White "Mikalsen, Bengt Arne"]
[Black "Pedersen, Birger"]
[Result "0-1"]
[WhiteElo "960"]
[BlackElo "1189"]
[PlyCount "80"]
[EventDate "2005.01.18"]
[EventType "swiss"]
[EventRounds "10"]
[EventCountry "NOR"]
[SourceTitle "EXT 2007"]
[Source "ChessBase"]
[SourceDate "2006.11.23"]
[SourceVersion "1"]
[SourceVersionDate "2006.11.23"]
[SourceQuality "1"]

1. d4 Nf6 2. c4 e5 3. dxe5 Ne4 4. Nf3 a5 5. Nbd2 Nc5 6. g3 d6 7. exd6 Bxd6 8. Bg2 0-0 9. 0-0 Qf6 10. Nb3 Na4 11. Nbd4 Nb6 12. Bg5 Qg6 13. Qd3 Qh5 14. Rac1 Bc5 15. b3 Na6 16. Rfd1 Ba3 17. Rb1 Bg4 18. Be3 Rad8 19. Qc3 Bb4 20. Qb2 c6 21. Nc2 Bc5 22. Bxc5 Nxc5 23. Ne3 Be6 24. Nd4 Bc8 25. Nf3 Rde8 26. Rd4 f6 27. Rbd1 g5 28. b4 axb4 29. Qxb4 Nba4 30. Nd2 Qxe2 31. Bf3 Rxe3 32. Bxe2 Rxe2 33. Nb3 b6 34. Nxc5 bxc5 35. Qxa4 cxd4 36. Kg2 c5 37. Qb3 Bf5 38. Qf3 Be4 39. h3 Bxf3+ 40. Kxf3 Rxa2 0-1